| 000 | 00920nas a2200325 4500 | ||
|---|---|---|---|
| 001 | BR0304110 | ||
| 003 | BR-BrBNA | ||
| 005 | 20231205104002.0 | ||
| 007 | ta | ||
| 008 | 230509b bl.|||p| |||| 00| 00por d | ||
| 040 |
_aBR-BrBNA _bpor _cBiblioteca Nacional de Agricultura |
||
| 041 | _a(En) | ||
| 072 | _aF01; F03 | ||
| 100 | 1 | _aÁvila, M.R. | |
| 100 | 1 | _aBraccini, A. de L. e | |
| 100 | 1 | _aMotta, I. de S. | |
| 100 | 1 | _aScapim, C.A. | |
| 100 | 1 | _aBraccini, M. do C.L. | |
| 245 | 1 | _aSowing seasons and quality of soybean seeds | |
| 650 | _aSOJA | ||
| 650 | _aSEMENTE | ||
| 650 | _aQUALIDADE | ||
| 650 | _aÉPOCA DE SEMEADURA | ||
| 650 | _aGERMINAÇÃO | ||
| 650 | _aFISIOLOGIA VEGETAL | ||
| 650 | _aRESPOSTA DA PLANTA | ||
| 773 | 0 |
_tScientia Agrícola (Brazil) _xISSN 0103-9016 _g(Apr-Jun 2003), v. 60(2) p. 245-252 _wBR0304110 |
|
| 909 |
_a202311 _bLúcia _c55 _dLúcia Elande |
||
| 942 |
_2AGRIS _n0 _cANA |
||
| 999 |
_c175801 _d175801 |
||